Tools and Methods For The Improvement of Quality (Record no. 351887)

000 -LEADER
fixed length control field 00515nam a22001937a 4500
003 - CONTROL NUMBER IDENTIFIER
control field OSt
005 - DATE AND TIME OF LATEST TRANSACTION
control field 20180116183057.0
008 - FIXED-LENGTH DATA ELEMENTS--GENERAL INFORMATION
fixed length control field 161025b xxu||||| |||| 00| 0 eng d
020 ## - INTERNATIONAL STANDARD BOOK NUMBER
International Standard Book Number 0256056803
040 ## - CATALOGING SOURCE
Transcribing agency 0
082 ## - DEWEY DECIMAL CLASSIFICATION NUMBER
Classification number 658.562 GIT 1989
100 ## - MAIN ENTRY--PERSONAL NAME
Personal name Gitlow,Howard
245 ## - TITLE STATEMENT
Title Tools and Methods For The Improvement of Quality
Statement of responsibility, etc. Howard Gitlow
260 ## - PUBLICATION, DISTRIBUTION, ETC.
Place of publication, distribution, etc. Boston
Name of publisher, distributor, etc. IRWIN
Date of publication, distribution, etc. 1989
300 ## - PHYSICAL DESCRIPTION
Extent 603p.
Other physical details HB.
440 ## - SERIES STATEMENT/ADDED ENTRY--TITLE
Title Tools and Methods For The Improvement of Quality
500 ## - GENERAL NOTE
General note HB.
942 ## - ADDED ENTRY ELEMENTS (KOHA)
Source of classification or shelving scheme
Koha item type Book
Holdings
Withdrawn status Lost status Source of classification or shelving scheme Damaged status Not for loan Collection code Permanent Location Current Location Shelving location Date acquired Total Checkouts Full call number Barcode Date last seen Price effective from Koha item type
            Central Library (CL) Central Library (CL) General Stacks 10/25/2016   658.562 GIT 1989 NBSD-2923 10/25/2016 10/25/2016 Book
© 2023 Central Library, National University of Sciences and Technology. All Rights Reserved.